Actividades físicas y deportivas para el discapacitado físico
Gespeichert in:
| 1. Verfasser: | |
|---|---|
| Format: | Buch |
| Sprache: | Spanisch |
| Veröffentlicht: |
Santiago
Digeder
1996
|
| Schriftenreihe: | Hacer Deportes es Vivir Mejor
|
| Schlagworte: | |
| Tags: |
Tag hinzufügen
Keine Tags, Fügen Sie den ersten Tag hinzu!
|
MARC
| LEADER | 00000nam a2200000 a 4500 | ||
|---|---|---|---|
| 001 | UCT4504 | ||
| 003 | CL-VaPUC | ||
| 008 | 961114e19960000CL |||||||||||||||||spa|d | ||
| 082 | 0 | 4 | |a 371.91 |b ARA |2 21 |
| 100 | 0 | |a Aravena O'Kuinghttons, Gloria |e author |9 373828 | |
| 245 | 1 | 0 | |a Actividades físicas y deportivas para el discapacitado físico |
| 300 | |a 65 p | ||
| 942 | |c BK | ||
| 945 | |d 19961114 00:00:00 |a rleighto | ||
| 260 | |a Santiago |b Digeder |c 1996 | ||
| 650 | 0 | |a Educación física |9 240893 | |
| 650 | 7 | |a EDUCACION PARA IMPEDIDOS |2 CL-VaPUC |9 373829 | |
| 650 | 0 | |a Educación especial |9 307486 | |
| 650 | 7 | |a NIÑOS MINUSVALIDOS |2 CL-VaPUC |9 309747 | |
| 650 | 7 | |a MINUSVALIDOS FISICOS |2 CL-VaPUC |9 334759 | |
| 650 | 0 | |a Deportes |9 224367 | |
| 583 | |a last modification |c 19961114 00:00:00 |k Rodrigo Vera | ||
| 490 | 0 | |a Hacer Deportes es Vivir Mejor | |
| 999 | |c 253839 |d 253837 | ||
| 952 | |0 0 |1 0 |4 0 |6 371_910000000000000_ARA_1996 |7 0 |8 P |9 274970 |a BIBEDU |b BIBEDU |c BIBEDU_PB |d 2019-11-19 |i 3250482 |o 371.91 ARA 1996 |p 3250482 |r 2024-01-25 |w 2019-11-19 |y BK |k EFI | ||
| 952 | |0 0 |1 0 |4 0 |6 371_910000000000000_ARA_1996 |7 0 |8 P |9 274971 |a BIBEDU |b BIBEDU |c BIBEDU_PB |d 2019-11-19 |i 3300145 |o 371.91 ARA 1996 |p 3300145 |r 2024-01-25 |w 2019-11-19 |y BK |k EDU | ||
| 952 | |0 0 |1 0 |4 0 |6 371_910000000000000_ARA_1996 |7 0 |8 P |9 274972 |a BIBEDU |b BIBEDU |c BIBEDU_PB |d 2019-11-19 |i 3457524 |o 371.91 ARA 1996 |p 3457524 |r 2024-01-25 |w 2019-11-19 |y BK |k BME | ||